[Event "Bundesliga 9697"]
[Site "Deutschland"]
[Date "1996.??.??"]
[Round "?.6"]
[White "Stolz, Mike"]
[Black "Dinstuhl, Volkmar"]
[Result "1/2-1/2"]
[WhiteElo "2300"]
[BlackElo "2405"]
[PlyCount "144"]
[EventDate "1996.10.??"]
[EventType "team"]
[EventRounds "15"]
[EventCountry "GER"]
[SourceTitle "Bundesliga 9697"]
[Source "DeepChess"]
[SourceDate "2005.01.01"]
[SourceVersion "1"]
[SourceVersionDate "2005.01.01"]
[SourceQuality "1"]
[WhiteTeam "USC Magdeburg"]
[BlackTeam "SV Castrop Rauxel 1923"]
[WhiteTeamCountry "GER"]
[BlackTeamCountry "GER"]

1. e4 c5 2. Nf3 d6 3. d4 cxd4 4. Nxd4 Nf6 5. Nc3 a6 6. Bg5 e6 7. f4 Nc6 8. Nb3
h6 9. Bh4 Be7 10. Bf2 Bd7 11. Bd3 Qc7 12. Qe2 Rc8 13. O-O e5 14. f5 Nb4 15. a3
Nxd3 16. cxd3 Bc6 17. Rac1 Qd7 18. d4 exd4 19. Nxd4 O-O 20. Nxc6 Rxc6 21. Rcd1
Re8 22. Bd4 Qd8 23. Rd3 Nd7 24. Rfd1 Bf6 25. Bxf6 Nxf6 26. Rd4 Qe7 27. Qd3 Rd8
28. Qg3 Re8 29. h3 Qe5 30. Kh2 Rec8 31. Qxe5 dxe5 32. Rd8+ Rxd8 33. Rxd8+ Kh7
34. Kg3 Rb6 35. Rd2 Kg8 36. Kf3 Kf8 37. g4 Ke7 38. Ke3 Rb3 39. Kd3 Rb6 40. Kc2
Rc6 41. Kd3 b5 42. Ke3 Rc5 43. Rd3 a5 44. b4 axb4 45. axb4 Rc4 46. Nd5+ Kf8 47.
Ra3 Kg8 48. Ra8+ Kh7 49. Rf8 Nxd5+ 50. exd5 f6 51. d6 Rd4 52. Rb8 Rxd6 53. Rxb5
h5 54. g5 fxg5 55. Rxe5 Ra6 56. Kd4 g4 57. hxg4 hxg4 58. Re4 Rb6 59. Kc5 Rf6
60. Rxg4 Rxf5+ 61. Kc6 g5 62. b5 Kg6 63. Rd4 Rf4 64. Rd6+ Kh5 65. b6 Rc4+ 66.
Kd7 Rb4 67. Kc6 Rc4+ 68. Kd5 Rc8 69. b7 Rb8 70. Rd7 g4 71. Ke4 Kh4 72. Rf7 Kg3
1/2-1/2

[Event "Bundesliga 9697"]
[Site "Deutschland"]
[Date "1996.??.??"]
[Round "?.7"]
[White "Brendel, Oliver"]
[Black "Darnstaedt, Frank"]
[Result "1-0"]
[WhiteElo "2420"]
[BlackElo "2295"]
[PlyCount "111"]
[EventDate "1996.10.??"]
[EventType "team"]
[EventRounds "15"]
[EventCountry "GER"]
[SourceTitle "Bundesliga 9697"]
[Source "DeepChess"]
[SourceDate "2005.01.01"]
[SourceVersion "1"]
[SourceVersionDate "2005.01.01"]
[SourceQuality "1"]
[WhiteTeam "SV Castrop Rauxel 1923"]
[BlackTeam "USC Magdeburg"]
[WhiteTeamCountry "GER"]
[BlackTeamCountry "GER"]

1. e4 c5 2. Nc3 Nc6 3. Nf3 Nf6 4. Bb5 a6 5. Bxc6 dxc6 6. h3 g6 7. d3 Bg7 8. Be3
Nd7 9. Qd2 O-O 10. Bh6 e5 11. O-O-O f6 12. Bxg7 Kxg7 13. Nh2 Rf7 14. Ng4 Nf8
15. Nh6 Re7 16. h4 Be6 17. h5 g5 18. Nf5+ Bxf5 19. exf5 Qc8 20. g4 h6 21. Ne4
Nd7 22. Qc3 b6 23. Kd2 Qg8 24. b4 cxb4 25. Qxb4 c5 26. Qc4 Qd8 27. Qd5 Rb8 28.
Rb1 Qc7 29. a4 Rc8 30. Rb3 Rd8 31. Qd6 Qxd6 32. Nxd6 Rb8 33. Rhb1 Kf8 34. Ke3
e4 35. Nxe4 c4 36. Rb4 cxd3 37. cxd3 Nc5 38. Rxb6 Rd8 39. Rb8 Rxb8 40. Rxb8+
Kg7 41. a5 Re5 42. Rb4 Kf7 43. f3 Nxe4 44. fxe4 Rxa5 45. Rb7+ Kg8 46. Rb6 Kf7
47. Kd4 Ra3 48. Rb7+ Kg8 49. Kc4 a5 50. d4 Rg3 51. d5 Rxg4 52. d6 Rxe4+ 53. Kd5
Re8 54. d7 Rd8 55. Ke6 Kf8 56. Rc7 1-0

[Event "Bundesliga 9697"]
[Site "Deutschland"]
[Date "1996.??.??"]
[Round "?.1"]
[White "Lobron, Eric"]
[Black "Casper, Thomas"]
[Result "1-0"]
[WhiteElo "2585"]
[BlackElo "2405"]
[PlyCount "65"]
[EventDate "1996.10.??"]
[EventType "team"]
[EventRounds "15"]
[EventCountry "GER"]
[SourceTitle "Bundesliga 9697"]
[Source "DeepChess"]
[SourceDate "2005.01.01"]
[SourceVersion "1"]
[SourceVersionDate "2005.01.01"]
[SourceQuality "1"]
[WhiteTeam "SV Empor Berlin e.V."]
[BlackTeam "SV Erfurt West 90"]
[WhiteTeamCountry "GER"]
[BlackTeamCountry "GER"]

1. d4 Nf6 2. Nf3 d6 3. c4 Nbd7 4. Nc3 e5 5. e4 Be7 6. Be2 O-O 7. O-O c6 8. Be3
exd4 9. Nxd4 d5 10. exd5 cxd5 11. Ndb5 Nb6 12. Bf4 Be6 13. Nc7 Rc8 14. cxd5
Nfxd5 15. N3xd5 Nxd5 16. Nxe6 fxe6 17. Bg3 Qb6 18. Bg4 Bc5 19. Qb3 Rfe8 20.
Qxb6 Bxb6 21. Rfe1 Kf7 22. Re2 Bc7 23. Rc1 Re7 24. Rec2 Nf6 25. Bf3 e5 26. h3
Kg6 27. Bxb7 Rb8 28. Rxc7 Rxb7 29. Rxb7 Rxb7 30. Bxe5 Ne4 31. Rc7 Rb5 32. Rxg7+
Kh6 33. Re7 1-0

[Event "Bundesliga 9697"]
[Site "Deutschland"]
[Date "1996.??.??"]
[Round "?.2"]
[White "Renner, Christoph"]
[Black "Hickl, Joerg"]
[Result "0-1"]
[WhiteElo "2445"]
[BlackElo "2600"]
[PlyCount "86"]
[EventDate "1996.10.??"]
[EventType "team"]
[EventRounds "15"]
[EventCountry "GER"]
[SourceTitle "Bundesliga 9697"]
[Source "DeepChess"]
[SourceDate "2005.01.01"]
[SourceVersion "1"]
[SourceVersionDate "2005.01.01"]
[SourceQuality "1"]
[WhiteTeam "SV Erfurt West 90"]
[BlackTeam "SV Empor Berlin e.V."]
[WhiteTeamCountry "GER"]
[BlackTeamCountry "GER"]

1. e4 g6 2. d4 d6 3. Be3 Bg7 4. Qd2 c5 5. c3 Nf6 6. f3 Nbd7 7. Nh3 O-O 8. Be2
e5 9. dxc5 Nxc5 10. Nf2 Ne6 11. c4 Nh5 12. Nc3 f5 13. Nd3 Nd4 14. O-O Be6 15.
exf5 gxf5 16. f4 Nxe2+ 17. Qxe2 Bxc4 18. Qxh5 Bxd3 19. Rf3 Qe8 20. Qh4 Qd8 21.
Qh5 Rf6 22. Rg3 Qe8 23. Nd5 Rf7 24. Rh3 Be4 25. Qxh7+ Kf8 26. Qg6 Rd8 27. Nc3
Bc6 28. fxe5 Qxe5 29. Re1 f4 30. Bf2 Qf5 31. Qxf5 Rxf5 32. Bh4 Re8 33. Rxe8+
Kxe8 34. Rd3 Kd7 35. Bf2 a6 36. Bd4 Rg5 37. g3 fxg3 38. Bxg7 gxh2+ 39. Kxh2
Rxg7 40. Rd2 Ke6 41. Re2+ Kf5 42. Nb1 Bf3 43. Rf2 Kf4 0-1

[Event "Bundesliga 9697"]
[Site "Deutschland"]
[Date "1996.??.??"]
[Round "?.3"]
[White "Boensch, Uwe"]
[Black "Kuczynski, Robert"]
[Result "1-0"]
[WhiteElo "2525"]
[BlackElo "2510"]
[PlyCount "79"]
[EventDate "1996.10.??"]
[EventType "team"]
[EventRounds "15"]
[EventCountry "GER"]
[SourceTitle "Bundesliga 9697"]
[Source "DeepChess"]
[SourceDate "2005.01.01"]
[SourceVersion "1"]
[SourceVersionDate "2005.01.01"]
[SourceQuality "1"]
[WhiteTeam "SV Empor Berlin e.V."]
[BlackTeam "SV Erfurt West 90"]
[WhiteTeamCountry "GER"]
[BlackTeamCountry "GER"]

1. d4 d5 2. c4 c6 3. e3 Nf6 4. Nf3 Bg4 5. cxd5 Bxf3 6. Qxf3 cxd5 7. Nc3 Nc6 8.
Bd3 e6 9. O-O Be7 10. Qe2 O-O 11. Bd2 Qd7 12. Rad1 Rac8 13. Be1 Ne8 14. f3 Nd6
15. Bf2 Nb4 16. Bb1 Nc4 17. e4 Rfe8 18. a3 Na6 19. Bd3 Nb8 20. f4 g6 21. f5 Nb6
22. fxe6 Qxe6 23. Qf3 a6 24. Nxd5 Nxd5 25. exd5 Qb6 26. Bg3 Rf8 27. d6 Bxd6 28.
Bxd6 Qxd6 29. Qxb7 Qxd4+ 30. Kh1 Qg7 31. h3 a5 32. Be4 f5 33. Bd5+ Kh8 34. Qb5
Rc2 35. b3 Qa7 36. Bc4 Qc7 37. Rfe1 Nc6 38. Qc5 Rc8 39. Rd6 a4 40. Rxc6 1-0

[Event "Bundesliga 9697"]
[Site "Deutschland"]
[Date "1996.??.??"]
[Round "?.4"]
[White "Voekler, Bernd"]
[Black "Tischbierek, Raj"]
[Result "0-1"]
[WhiteElo "2385"]
[BlackElo "2500"]
[PlyCount "121"]
[EventDate "1996.10.??"]
[EventType "team"]
[EventRounds "15"]
[EventCountry "GER"]
[SourceTitle "Bundesliga 9697"]
[Source "DeepChess"]
[SourceDate "2005.01.01"]
[SourceVersion "1"]
[SourceVersionDate "2005.01.01"]
[SourceQuality "1"]
[WhiteTeam "SV Erfurt West 90"]
[BlackTeam "SV Empor Berlin e.V."]
[WhiteTeamCountry "GER"]
[BlackTeamCountry "GER"]

1. e4 c5 2. Nf3 d6 3. d4 cxd4 4. Nxd4 Nf6 5. Nc3 Nc6 6. Bg5 Bd7 7. Qd2 Rc8 8.
Be2 Nxd4 9. Qxd4 Qa5 10. Bd2 a6 11. Nd5 Qc5 12. Qxc5 Rxc5 13. Nxf6+ gxf6 14.
Bd3 h5 15. O-O Rg8 16. f3 h4 17. b4 Rh5 18. a4 f5 19. b5 Bg7 20. c3 a5 21. exf5
Bxf5 22. Bxf5 Rxf5 23. h3 Rc5 24. Ra3 Kd7 25. Re1 Rc4 26. Re4 Rgc8 27. Bg5 Rxe4
28. fxe4 Rc4 29. Bxh4 Rxe4 30. Bf2 Rc4 31. Be1 f5 32. Kf2 d5 33. g3 e5 34. Bd2
Ke6 35. Ke2 Bf6 36. Ra2 e4 37. Ra3 Be5 38. Kf2 Bd6 39. Ra2 Be5 40. Ra3 Rc8 41.
Rb3 Rh8 42. h4 Rg8 43. Bg5 Rc8 44. Bd2 Rc4 45. Ra3 Kf6 46. h5 Rc8 47. Rb3 Rg8
48. Bf4 Bxf4 49. gxf4 Rg4 50. Ke3 Rh4 51. b6 Rxh5 52. Kd4 Ke6 53. c4 dxc4 54.
Rg3 Kf6 55. Rg8 Rh7 56. Rc8 Re7 57. Ke3 Re6 58. Rxc4 Rxb6 59. Rc5 Rb3+ 60. Ke2
b6 61. Rc6+ 0-1

[Event "Bundesliga 9697"]
[Site "Deutschland"]
[Date "1996.??.??"]
[Round "?.5"]
[White "Volke, Karsten"]
[Black "Pieniazek, Artur"]
[Result "1/2-1/2"]
[WhiteElo "2475"]
[BlackElo "2425"]
[PlyCount "52"]
[EventDate "1996.10.??"]
[EventType "team"]
[EventRounds "15"]
[EventCountry "GER"]
[SourceTitle "Bundesliga 9697"]
[Source "DeepChess"]
[SourceDate "2005.01.01"]
[SourceVersion "1"]
[SourceVersionDate "2005.01.01"]
[SourceQuality "1"]
[WhiteTeam "SV Empor Berlin e.V."]
[BlackTeam "SV Erfurt West 90"]
[WhiteTeamCountry "GER"]
[BlackTeamCountry "GER"]

1. d4 Nf6 2. c4 e6 3. Nc3 Bb4 4. e3 c5 5. Bd3 O-O 6. Nge2 d5 7. O-O cxd4 8.
exd4 dxc4 9. Bxc4 Nbd7 10. Bg5 Be7 11. Qd3 Nd5 12. Bxe7 Nxe7 13. Ne4 Nb6 14.
Bb3 Nbd5 15. Rad1 b6 16. N2g3 Ng6 17. Ne2 Bb7 18. Qg3 Qh4 19. N4c3 Qxg3 20.
hxg3 Nge7 21. Nf4 Nxf4 22. gxf4 Rfd8 23. Rd2 Rac8 24. Rfd1 Nd5 25. Bxd5 Bxd5
26. f3 Kf8 1/2-1/2

[Event "Bundesliga 9697"]
[Site "Deutschland"]
[Date "1996.??.??"]
[Round "?.6"]
[White "Brueggemann, Joachim"]
[Black "Poldauf, Dirk"]
[Result "1/2-1/2"]
[WhiteElo "2285"]
[BlackElo "2470"]
[PlyCount "87"]
[EventDate "1996.10.??"]
[EventType "team"]
[EventRounds "15"]
[EventCountry "GER"]
[SourceTitle "Bundesliga 9697"]
[Source "DeepChess"]
[SourceDate "2005.01.01"]
[SourceVersion "1"]
[SourceVersionDate "2005.01.01"]
[SourceQuality "1"]
[WhiteTeam "SV Erfurt West 90"]
[BlackTeam "SV Empor Berlin e.V."]
[WhiteTeamCountry "GER"]
[BlackTeamCountry "GER"]

1. e4 e6 2. d4 d5 3. Nc3 Bb4 4. Qd3 dxe4 5. Qxe4 Nf6 6. Qh4 Qd5 7. a3 Bxc3+ 8.
bxc3 O-O 9. c4 Qe4+ 10. Qxe4 Nxe4 11. Bd3 Nf6 12. Bf4 c6 13. Nf3 Nbd7 14. c5 b6
15. O-O Re8 16. Bd6 Nd5 17. Rfe1 Nc3 18. a4 Nd5 19. cxb6 axb6 20. c4 N5f6 21.
Ne5 Bb7 22. Nxd7 Nxd7 23. Reb1 Ra7 24. c5 bxc5 25. dxc5 Rea8 26. g4 h6 27. h3
Nf6 28. Rb3 g6 29. Rab1 Bc8 30. Rb6 Nd5 31. Rxc6 Bb7 32. Bb5 Bxc6 33. Bxc6 Rc8
34. Rb7 Raa8 35. Bd7 Rd8 36. Kg2 Nf6 37. Bb5 Ne4 38. Be7 Rd2 39. Kf3 f5 40.
gxf5 gxf5 41. Ke3 Rxf2 42. Bc4 Rxa4 43. Bxe6+ Kh8 44. Bf6+ 1/2-1/2

[Event "Bundesliga 9697"]
[Site "Deutschland"]
[Date "1996.??.??"]
[Round "?.8"]
[White "Foetsch, Daniel"]
[Black "Chekhov, Valery A"]
[Result "0-1"]
[WhiteElo "2135"]
[BlackElo "2535"]
[PlyCount "86"]
[EventDate "1996.10.??"]
[EventType "team"]
[EventRounds "15"]
[EventCountry "GER"]
[SourceTitle "Bundesliga 9697"]
[Source "DeepChess"]
[SourceDate "2005.01.01"]
[SourceVersion "1"]
[SourceVersionDate "2005.01.01"]
[SourceQuality "1"]
[WhiteTeam "SV Erfurt West 90"]
[BlackTeam "SV Empor Berlin e.V."]
[WhiteTeamCountry "GER"]
[BlackTeamCountry "GER"]

1. e4 c5 2. Nf3 Nc6 3. d4 cxd4 4. Nxd4 Nf6 5. Nc3 e5 6. Ndb5 d6 7. Bg5 a6 8.
Na3 Be6 9. Nc4 Rc8 10. Ne3 Be7 11. Bxf6 Bxf6 12. Ncd5 Bg5 13. c3 O-O 14. Bd3 g6
15. O-O Kh8 16. g3 Ne7 17. Nxe7 Qxe7 18. f4 exf4 19. gxf4 Bh6 20. Qf3 Rc5 21.
Rf2 Rh5 22. Nd5 Qh4 23. Be2 Bxd5 24. exd5 Rf5 25. Qg3 Rxf4 26. Rxf4 Qxf4 27.
Qxf4 Bxf4 28. h3 Kg7 29. Rd1 Re8 30. Bf1 f5 31. b4 Kf6 32. c4 b6 33. c5 bxc5
34. bxc5 Be3+ 35. Kg2 Bxc5 36. Bxa6 g5 37. a4 h5 38. Bb5 Re3 39. a5 g4 40. hxg4
hxg4 41. a6 f4 42. Ra1 Rg3+ 43. Kh2 Rh3+ 0-1

[Event "Bundesliga 9697"]
[Site "Deutschland"]
[Date "1996.??.??"]
[Round "?.2"]
[White "Lobron, Eric"]
[Black "Slobodjan, Roman"]
[Result "0-1"]
[WhiteElo "2585"]
[BlackElo "2520"]
[PlyCount "82"]
[EventDate "1996.10.??"]
[EventType "team"]
[EventRounds "15"]
[EventCountry "GER"]
[SourceTitle "Bundesliga 9697"]
[Source "DeepChess"]
[SourceDate "2005.01.01"]
[SourceVersion "1"]
[SourceVersionDate "2005.01.01"]
[SourceQuality "1"]
[WhiteTeam "SV Empor Berlin e.V."]
[BlackTeam "USC Magdeburg"]
[WhiteTeamCountry "GER"]
[BlackTeamCountry "GER"]

1. Nf3 d5 2. d4 Nf6 3. c4 e6 4. Nc3 Be7 5. Qc2 dxc4 6. e4 a6 7. e5 Nd5 8. Bxc4
Nc6 9. Qe4 Ncb4 10. O-O b5 11. Bb3 Bb7 12. Qg4 Kf8 13. Rd1 h6 14. Rb1 Nxc3 15.
bxc3 Nd5 16. Rd3 Nb6 17. Nd2 Qd7 18. Rg3 g6 19. Ne4 Qc6 20. Bc2 Nd5 21. Rf3 Ke8
22. Bd2 Rd8 23. a4 b4 24. a5 h5 25. Qg3 h4 26. Qg4 h3 27. Ra1 Rh4 28. Qg3 Nxc3
29. Nxc3 bxc3 30. Bg5 Bxg5 31. Qxg5 Rhxd4 32. Rxh3 Kd7 33. Rf3 Kc8 34. Qg3 Qe4
35. h3 Qxc2 36. Rxc3 Rd1+ 37. Kh2 Qe4 38. Ra2 Qe1 39. Qg5 Qxc3 40. Qe7 Qc6 41.
f3 R1d7 0-1

[Event "Bundesliga 9697"]
[Site "Deutschland"]
[Date "1996.??.??"]
[Round "?.4"]
[White "Boensch, Uwe"]
[Black "Naumann, Alexander"]
[Result "1/2-1/2"]
[WhiteElo "2525"]
[BlackElo "2365"]
[PlyCount "67"]
[EventDate "1996.10.??"]
[EventType "team"]
[EventRounds "15"]
[EventCountry "GER"]
[SourceTitle "Bundesliga 9697"]
[Source "DeepChess"]
[SourceDate "2005.01.01"]
[SourceVersion "1"]
[SourceVersionDate "2005.01.01"]
[SourceQuality "1"]
[WhiteTeam "SV Empor Berlin e.V."]
[BlackTeam "USC Magdeburg"]
[WhiteTeamCountry "GER"]
[BlackTeamCountry "GER"]

1. d4 Nf6 2. c4 g6 3. Nc3 d5 4. Nf3 Bg7 5. Bg5 dxc4 6. e4 c5 7. d5 b5 8. e5 b4
9. exf6 exf6 10. Be3 bxc3 11. bxc3 Qa5 12. Bxc4 O-O 13. O-O Nd7 14. Nd2 Qxc3
15. Bb5 Rd8 16. Rc1 Qa5 17. a4 Ne5 18. Nb3 Qb4 19. Bxc5 Qh4 20. f4 a6 21. Be2
Ng4 22. h3 f5 23. Bb6 Rd6 24. Bc7 Ne3 25. Qe1 Qf6 26. Rf3 Nxd5 27. Bxd6 Qxd6
28. Bc4 Be6 29. Qf2 Qa3 30. Kh1 Rc8 31. Qf1 Qxa4 32. Bxa6 Rxc1 33. Nxc1 Nc3 34.
Bd3 1/2-1/2

[Event "Bundesliga 9697"]
[Site "Deutschland"]
[Date "1996.??.??"]
[Round "?.5"]
[White "Proehl, Holger"]
[Black "Tischbierek, Raj"]
[Result "0-1"]
[WhiteElo "2400"]
[BlackElo "2500"]
[PlyCount "102"]
[EventDate "1996.10.??"]
[EventType "team"]
[EventRounds "15"]
[EventCountry "GER"]
[SourceTitle "Bundesliga 9697"]
[Source "DeepChess"]
[SourceDate "2005.01.01"]
[SourceVersion "1"]
[SourceVersionDate "2005.01.01"]
[SourceQuality "1"]
[WhiteTeam "USC Magdeburg"]
[BlackTeam "SV Empor Berlin e.V."]
[WhiteTeamCountry "GER"]
[BlackTeamCountry "GER"]

1. e4 c5 2. c3 Nf6 3. e5 Nd5 4. Bc4 Nb6 5. Bb3 c4 6. Bc2 Nc6 7. Nf3 Qc7 8. Qe2
g5 9. h3 Bg7 10. Nxg5 Qxe5 11. d4 cxd3 12. Bxd3 Qxe2+ 13. Bxe2 h6 14. Nf3 d5
15. Na3 Bf5 16. Be3 O-O-O 17. O-O-O e5 18. Nb5 Kb8 19. Bc5 Nc8 20. g4 Be4 21.
Rhg1 a6 22. Na3 d4 23. Nd2 Bg6 24. cxd4 b6 25. d5 Rxd5 26. Be3 Nb4 27. Bc4 Rd7
28. f4 Bd3 29. fxe5 Rc7 30. b3 b5 31. Bf4 Nb6 32. Kb2 bxc4 33. Ndxc4 Bxc4 34.
bxc4 Nc6 35. Rge1 Nd7 36. Kc2 Bxe5 37. Be3 Kc8 38. Rf1 f6 39. Rf5 Rb7 40. Rb1
Nd4+ 41. Bxd4 Rxb1 42. Bxe5 Rh1 43. Bc3 Rh2+ 44. Kb3 Rxh3 45. c5 h5 46. c6 Nb6
47. Nc4 Nxc4 48. Kxc4 hxg4 49. Rxf6 R3h6 50. Kd3 Rxf6 51. Bxf6 Rf8 0-1

[Event "Bundesliga 9697"]
[Site "Deutschland"]
[Date "1996.??.??"]
[Round "?.6"]
[White "Luther, Thomas"]
[Black "Stolz, Mike"]
[Result "0-1"]
[WhiteElo "2495"]
[BlackElo "2300"]
[PlyCount "116"]
[EventDate "1996.10.??"]
[EventType "team"]
[EventRounds "15"]
[EventCountry "GER"]
[SourceTitle "Bundesliga 9697"]
[Source "DeepChess"]
[SourceDate "2005.01.01"]
[SourceVersion "1"]
[SourceVersionDate "2005.01.01"]
[SourceQuality "1"]
[WhiteTeam "SV Empor Berlin e.V."]
[BlackTeam "USC Magdeburg"]
[WhiteTeamCountry "GER"]
[BlackTeamCountry "GER"]

1. e4 e6 2. d4 d5 3. Nc3 Bb4 4. exd5 exd5 5. Bd3 Ne7 6. Qh5 Nbc6 7. a3 Bxc3+ 8.
bxc3 Be6 9. Rb1 b6 10. Nf3 Qd7 11. Ng5 O-O-O 12. Nxe6 Qxe6+ 13. Be3 g6 14. Qf3
Nf5 15. O-O Rhe8 16. Rbe1 f6 17. Bd2 Qd7 18. h3 h5 19. Bb5 Kb7 20. Qd3 Rxe1 21.
Rxe1 Re8 22. Rxe8 Qxe8 23. Ba6+ Kb8 24. Kf1 Na5 25. Qe2 Qxe2+ 26. Kxe2 Nc4 27.
Bc1 Nfd6 28. Bxc4 Nxc4 29. Kf3 Kc8 30. g4 hxg4+ 31. Kxg4 Kd7 32. f4 Nd6 33. c4
dxc4 34. h4 Ke6 35. d5+ Kf7 36. h5 f5+ 37. Kh4 Ne4 38. h6 Kg8 39. Be3 Kh7 40.
Bd4 Kxh6 41. Be5 Nd6 42. Bf6 Nf7 43. a4 a6 44. Kg3 Nd6 45. Kf3 b5 46. Bd8 b4
47. Ke3 b3 48. cxb3 cxb3 49. Kd3 Nc4 50. Bxc7 Ne3 51. Be5 Nxd5 52. Kc4 b2 53.
Bxb2 Nxf4 54. Bd4 g5 55. Kb4 Ne6 56. Bb6 g4 57. Ka5 g3 58. Kxa6 f4 0-1

[Event "Bundesliga 9697"]
[Site "Deutschland"]
[Date "1996.??.??"]
[Round "?.7"]
[White "Darnstaedt, Frank"]
[Black "Volke, Karsten"]
[Result "1/2-1/2"]
[WhiteElo "2295"]
[BlackElo "2475"]
[PlyCount "61"]
[EventDate "1996.10.??"]
[EventType "team"]
[EventRounds "15"]
[EventCountry "GER"]
[SourceTitle "Bundesliga 9697"]
[Source "DeepChess"]
[SourceDate "2005.01.01"]
[SourceVersion "1"]
[SourceVersionDate "2005.01.01"]
[SourceQuality "1"]
[WhiteTeam "USC Magdeburg"]
[BlackTeam "SV Empor Berlin e.V."]
[WhiteTeamCountry "GER"]
[BlackTeamCountry "GER"]

1. e4 c5 2. Nf3 e6 3. c3 d5 4. exd5 exd5 5. d4 Nc6 6. Bb5 Bd6 7. dxc5 Bxc5 8.
O-O Nge7 9. Nbd2 O-O 10. Nb3 Bb6 11. Re1 Nf5 12. Bd3 Nh4 13. Be3 Nxf3+ 14. Qxf3
Be6 15. Qh5 g6 16. Qh6 Qf6 17. Nc5 Rae8 18. Bb5 Bc8 19. Nd3 Bxe3 20. Rxe3 Rxe3
21. Qxe3 d4 22. cxd4 Nxd4 23. Ba4 Rd8 24. Ne5 Nf5 25. Qc3 Be6 26. Re1 Rc8 27.
Qb4 Rc7 28. h3 Qg5 29. Nf3 Qe7 30. Qxe7 Rxe7 31. g4 1/2-1/2

[Event "Bundesliga 9697"]
[Site "Deutschland"]
[Date "1996.??.??"]
[Round "?.8"]
[White "Poldauf, Dirk"]
[Black "Schnabel, Ralf"]
[Result "1-0"]
[WhiteElo "2470"]
[BlackElo "2255"]
[PlyCount "91"]
[EventDate "1996.10.??"]
[EventType "team"]
[EventRounds "15"]
[EventCountry "GER"]
[SourceTitle "Bundesliga 9697"]
[Source "DeepChess"]
[SourceDate "2005.01.01"]
[SourceVersion "1"]
[SourceVersionDate "2005.01.01"]
[SourceQuality "1"]
[WhiteTeam "SV Empor Berlin e.V."]
[BlackTeam "USC Magdeburg"]
[WhiteTeamCountry "GER"]
[BlackTeamCountry "GER"]

1. c4 f5 2. g3 Nf6 3. Bg2 d6 4. Nc3 g6 5. d4 Bg7 6. d5 O-O 7. Nh3 Nbd7 8. Nf4
Ne5 9. b3 c5 10. O-O a6 11. a4 b6 12. Qc2 Rb8 13. Bd2 Ne8 14. e4 Nc7 15. exf5
Bxf5 16. Ne4 b5 17. Bc3 Qc8 18. Rfe1 Qb7 19. axb5 axb5 20. Qc1 Bh6 21. Nxc5 Qb6
22. Bd4 Nd3 23. Ncxd3 Qxd4 24. Nb4 Bd7 25. Rxe7 Bxf4 26. gxf4 Rxf4 27. Nd3 Rf7
28. Rxf7 Kxf7 29. Qf4+ Qxf4 30. Nxf4 bxc4 31. bxc4 Ke7 32. Re1+ Kd8 33. h4 Rb4
34. Bf1 Bf5 35. Kh2 Rb2 36. Kg3 Rc2 37. Ra1 Rc3+ 38. f3 Kc8 39. Ra2 Kb7 40.
Rb2+ Ka7 41. Re2 Kb6 42. Re7 h6 43. Rf7 Be4 44. Be2 g5 45. hxg5 hxg5 46. Nh3
1-0

[Event "Bundesliga 9697"]
[Site "Deutschland"]
[Date "1997.??.??"]
[Round "?.2"]
[White "Slobodjan, Roman"]
[Black "Casper, Thomas"]
[Result "1-0"]
[WhiteElo "2520"]
[BlackElo "2405"]
[PlyCount "69"]
[EventDate "1996.10.??"]
[EventType "team"]
[EventRounds "15"]
[EventCountry "GER"]
[SourceTitle "Bundesliga 9697"]
[Source "DeepChess"]
[SourceDate "2005.01.01"]
[SourceVersion "1"]
[SourceVersionDate "2005.01.01"]
[SourceQuality "1"]
[WhiteTeam "USC Magdeburg"]
[BlackTeam "SV Erfurt West 90"]
[WhiteTeamCountry "GER"]
[BlackTeamCountry "GER"]

1. e4 e6 2. d4 d5 3. Nd2 c5 4. Ngf3 Nc6 5. exd5 exd5 6. Bb5 Bd6 7. dxc5 Bxc5 8.
O-O Nge7 9. Nb3 Bb6 10. Re1 O-O 11. Be3 Bxe3 12. Rxe3 Bg4 13. h3 Bh5 14. Qd2
Bxf3 15. Rxf3 Ne5 16. Re3 N7g6 17. Qd4 a6 18. Bf1 Nc6 19. Qd2 Qf6 20. c3 Rad8
21. Rd3 d4 22. cxd4 Nf4 23. Rf3 Nxd4 24. Qxf4 Nxf3+ 25. Qxf3 Qxb2 26. Qxb7 Rd6
27. Bxa6 Rf6 28. f3 h6 29. Bf1 Re8 30. Qa7 Rc8 31. Qd4 Rc3 32. Qd8+ Kh7 33.
Bd3+ Rxd3 34. Qxd3+ Rg6 35. Qd2 1-0

[Event "Bundesliga 9697"]
[Site "Deutschland"]
[Date "1997.??.??"]
[Round "?.3"]
[White "Kuczynski, Robert"]
[Black "Rogozenko, Dorian"]
[Result "1/2-1/2"]
[WhiteElo "2500"]
[BlackElo "2530"]
[PlyCount "60"]
[EventDate "1996.10.??"]
[EventType "team"]
[EventRounds "15"]
[EventCountry "GER"]
[SourceTitle "Bundesliga 9697"]
[Source "DeepChess"]
[SourceDate "2005.01.01"]
[SourceVersion "1"]
[SourceVersionDate "2005.01.01"]
[SourceQuality "1"]
[WhiteTeam "SV Erfurt West 90"]
[BlackTeam "USC Magdeburg"]
[WhiteTeamCountry "GER"]
[BlackTeamCountry "GER"]

1. e4 c5 2. Nf3 d6 3. d4 cxd4 4. Nxd4 Nf6 5. Nc3 g6 6. Be3 Bg7 7. f3 Nc6 8. Qd2
O-O 9. O-O-O d5 10. exd5 Nxd5 11. Nxc6 bxc6 12. Bd4 e5 13. Bc5 Be6 14. Ne4 Re8
15. h4 Nf4 16. Qxd8 Rexd8 17. Rxd8+ Rxd8 18. Be7 Rb8 19. Bf6 Bd5 20. Bxg7 Kxg7
21. Nc5 f6 22. Rg1 Rd8 23. Ba6 Bf7 24. a3 Kf8 25. g3 Ne6 26. Nxe6+ Bxe6 27. Rd1
Rxd1+ 28. Kxd1 Ke7 29. Ke2 h6 30. Ke3 g5 1/2-1/2

[Event "Bundesliga 9697"]
[Site "Deutschland"]
[Date "1997.??.??"]
[Round "?.4"]
[White "Naumann, Alexander"]
[Black "Voekler, Bernd"]
[Result "1-0"]
[WhiteElo "2380"]
[BlackElo "2410"]
[PlyCount "95"]
[EventDate "1996.10.??"]
[EventType "team"]
[EventRounds "15"]
[EventCountry "GER"]
[SourceTitle "Bundesliga 9697"]
[Source "DeepChess"]
[SourceDate "2005.01.01"]
[SourceVersion "1"]
[SourceVersionDate "2005.01.01"]
[SourceQuality "1"]
[WhiteTeam "USC Magdeburg"]
[BlackTeam "SV Erfurt West 90"]
[WhiteTeamCountry "GER"]
[BlackTeamCountry "GER"]

1. d4 Nf6 2. c4 g6 3. Nf3 Bg7 4. g3 O-O 5. Bg2 d6 6. O-O c6 7. Nc3 Qb6 8. b3
Bg4 9. Bb2 Nbd7 10. Nd2 d5 11. cxd5 cxd5 12. Nxd5 Nxd5 13. Bxd5 Bh3 14. Nc4 Qb5
15. Bg2 Bxg2 16. Kxg2 Rfd8 17. e3 Qa6 18. a4 e5 19. d5 Nf6 20. Bxe5 Nxd5 21.
Qf3 Bxe5 22. Nxe5 Qe6 23. Nc4 b6 24. Rfd1 Rac8 25. Rd4 Nc3 26. Rxd8+ Rxd8 27.
Rc1 Ne4 28. Rd1 Rxd1 29. Qxd1 Qh3+ 30. Kxh3 Nxf2+ 31. Kg2 Nxd1 32. Kf3 Nc3 33.
Nd6 a6 34. e4 h5 35. Ke3 Kg7 36. Kd3 Nd1 37. Ke2 Nc3+ 38. Kd3 Nd1 39. Ne8+ Kh6
40. h4 Nf2+ 41. Ke3 Ng4+ 42. Kf4 f6 43. Nc7 Nh2 44. Nd5 g5+ 45. Kf5 Nf1 46.
Kxf6 g4 47. e5 Nxg3 48. Nc3 1-0